[Event "Naleczow"]
[Site "Naleczow"]
[Date "1979.??.??"]
[Round "2"]
[White "Fedorowicz, John P"]
[Black "Ghinda, Mihail Viorel"]
[Result "1/2-1/2"]
[WhiteElo "2405"]
[BlackElo "2455"]

1.c4 Nf6 2.Nc3 c5 3.Nf3 e6 4.g3 b6 5.Bg2 Bb7 6.O-O Be7 7.d4 cxd4 8.Qxd4 d6
9.Rd1 a6 10.Ng5 Nc6 11.Qf4 O-O 12.Nge4 Ne8 13.b3 Qc7 14.Ba3 Rd8 15.Rac1 Qb8  1/2-1/2

[Event "Naleczow"]
[Site "Naleczow"]
[Date "1979.??.??"]
[Round "6"]
[White "Fedorowicz, John P"]
[Black "Plachetka, Jan"]
[Result "1/2-1/2"]
[WhiteElo "2405"]
[BlackElo "2445"]

1.c4 e6 2.Nc3 c5 3.Nf3 Nf6 4.g3 Nc6 5.Bg2 a6 6.d4 cxd4 7.Nxd4 Bc5 8.Nb3 Be7
9.O-O d6 10.Bf4 O-O 11.Rc1 Nh5  1/2-1/2

[Event "Marshall op"]
[Site "New York"]
[Date "1979.??.??"]
[Round "1"]
[White "Rind, Bruce"]
[Black "Boskovic, Milorad"]
[Result "1/2-1/2"]
[WhiteElo "2410"]
[BlackElo "2255"]

1.Nf3 Nf6 2.c4 c5 3.Nc3 d5 4.cxd5 Nxd5 5.g3 Nc6 6.Bg2 Nc7 7.d3 e5 8.Nd2 Be6
9.Bxc6+ bxc6 10.Qa4 Qd7 11.Nc4 f6 12.Be3 Nd5 13.Ne4 Nxe3 14.Nxe3 Rb8 15.O-O Rxb2
16.Rfb1 Qb7 17.Rxb2 Qxb2 18.Qxc6+ Kf7 19.Re1 Be7 20.Nxc5 Bxc5 21.Qxc5 Qxa2
22.Qc7+ Kg6 23.Qb7 Rd8 24.Qe4+ Kh6 25.Qh4+ Kg6 26.Qe4+  1/2-1/2

[Event "Marshall op"]
[Site "New York"]
[Date "1979.??.??"]
[Round "2"]
[White "Shamkovich, Leonid"]
[Black "Fedorowicz, John P"]
[Result "1-0"]
[WhiteElo "2495"]
[BlackElo "2405"]

1.c4 Nf6 2.Nc3 c5 3.Nf3 b6 4.e4 d6 5.d4 cxd4 6.Nxd4 Bb7 7.f3 e6 8.Be3 Be7
9.Be2 O-O 10.O-O a6 11.Qe1 Nbd7 12.Qg3 Qc7 13.Nd5 Qd8 14.Nxe7+ Qxe7 15.Rfd1 Rac8
16.Rac1 Rfd8 17.b4 Nh5 18.Qf2 Nhf6 19.a3 d5 20.cxd5 exd5 21.Nf5 Qe6 22.Rc7 Ba8
23.Rxc8 Rxc8 24.Bxa6 Re8 25.Bb5 dxe4 26.Nd6 Rf8 27.fxe4 Ng4 28.Qg3 Nxe3 29.Qxe3 Nf6
30.Bc4 Qe7 31.Qxb6 h6 32.Nxf7 Kh7 33.e5 Ne4 34.e6 Nc3 35.Rf1 Rc8 36.Qd4 Qb7
37.Bd3+ Kg8 38.Qg4 Qb6+ 39.Kh1 Qe3 40.Qg6 Be4 41.Nxh6+ Kh8 42.Bxe4 Nxe4 43.Qxg7+  1-0

[Event "Marshall op"]
[Site "New York"]
[Date "1979.??.??"]
[Round "6"]
[White "Watson, John L"]
[Black "Evans, Larry D"]
[Result "1/2-1/2"]
[WhiteElo "2375"]
[BlackElo "2375"]

1.c4 Nf6 2.Nc3 e6 3.Nf3 c5 4.e3 d5 5.d4 cxd4 6.exd4 Bb4 7.Bd3 dxc4 8.Bxc4 O-O
9.Qd3 b6 10.Bg5 Bb7 11.Rd1 Bxc3+ 12.bxc3 Nbd7 13.Bf4 Rc8 14.Bb3 Be4  1/2-1/2

[Event "Marshall op"]
[Site "New York"]
[Date "1979.??.??"]
[Round "6"]
[White "Fedorowicz, John P"]
[Black "Kaufman, Larry C"]
[Result "0-1"]
[WhiteElo "2405"]
[BlackElo "2390"]

1.c4 Nf6 2.Nc3 e6 3.Nf3 c5 4.d4 cxd4 5.Nxd4 Bb4 6.g3 Ne4 7.Qd3 Qa5 8.Nb3 Qf5
9.Qe3 Nxc3 10.bxc3 Be7 11.Bg2 Nc6 12.c5 O-O 13.Ba3 Rd8 14.O-O Qe5 15.Qd3 Qc7
16.Rfd1 Ne5 17.Qb5 a5 18.Qa4 Ra6 19.Rd2 Bf8 20.Rad1 b6 21.cxb6 Qxb6 22.Bxf8 Rxf8
23.Qd4 Qxd4 24.cxd4 Nc4 25.Rc2 d5 26.e3 Ra7 27.Nc5 Ba6 28.Rdc1 Nd6 29.Rb2 Bc4
30.a3 g6 31.Rb6 Rd8 32.Bf3 Kf8 33.Bd1 Ke7 34.Rcb1 Rc8 35.Ba4 Be2 36.R6b2 Bc4
37.h4 h5 38.Kg2 Rac7 39.Kf3 Ra7 40.Rb6 Ba2 41.R1b2 Bc4 42.Kg2 Rac7 43.Bc2 Ra7
44.f3 Rd8 45.Kf2 Rc7 46.Ba4 Ra8 47.Bd1 Rd8 48.Bc2 Ra7 49.e4 dxe4 50.fxe4 Rc8
51.e5 Nf5 52.Bxf5 gxf5 53.Rb7+ Rc7 54.Rb8 f6 55.Rh8 fxe5 56.dxe5 Kf7 57.Rbb8 Kg6
58.Rhc8 Rxc8 59.Rxc8 Rg7 60.Rf8 Rf7 61.Rxf7 Kxf7 62.Nb7 Bd5 63.Nxa5 f4 64.gxf4 Kg6
65.Ke3 Kf5 66.Kd4 Kxf4 67.Nc4 Kg3 68.Ne3 Bb7 69.a4 Kxh4 70.a5 Kg3 71.Kc5 Kf4
72.Kd6 Kxe3 73.Kxe6 Bc8+ 74.Kd6 h4 75.Kc7 h3 76.Kxc8 h2 77.a6 h1=Q 78.Kb8 Qh8+
79.Kb7 Qg7+ 80.Ka8 Qf8+  0-1

[Event "Marshall op"]
[Site "New York"]
[Date "1979.??.??"]
[Round "7"]
[White "Rind, Bruce"]
[Black "Chandler, Murray G"]
[Result "1/2-1/2"]
[WhiteElo "2410"]
[BlackElo "2380"]

1.Nf3 Nf6 2.c4 c5 3.Nc3 d5 4.cxd5 Nxd5 5.g3 g6 6.Bg2 Bg7 7.O-O O-O 8.Nxd5 Qxd5
9.d3 Nc6 10.Be3 Qd6 11.Rc1 Nd4 12.Nd2 Bg4 13.Re1 Qb6 14.Nc4 Qa6 15.Bxd4 Bxd4
16.Qb3 Rab8 17.a4 b6 18.e3 Bg7 19.d4 Bd7 20.dxc5 bxc5 21.Qa3 Qxa4 22.Qxc5 Be6
23.b3 Rxb3 24.Nd2 Rd3 25.Ne4 Rc8 26.Qxc8+ Bxc8 27.Rxc8+ Bf8 28.Nc5 Qg4 29.Rxf8+ Kxf8
30.Nxd3 Qc4 31.Bf1 a5 32.Rc1 Qa2 33.Ne5 a4 34.Rc8+ Kg7 35.Nc4 Qb3  1/2-1/2

[Event "Rubinstein mem"]
[Site "Polanica Zdroj"]
[Date "1979.??.??"]
[Round "14"]
[White "Razuvaev, Yuri S"]
[Black "Arnason, Jon L"]
[Result "1/2-1/2"]
[WhiteElo "2470"]
[BlackElo "2410"]

1.Nf3 c5 2.c4 Nf6 3.Nc3 d5 4.cxd5 Nxd5 5.d4 Nxc3 6.bxc3 g6 7.e4 Bg7 8.Bb5+ Nd7
9.O-O O-O 10.Bg5 Nf6 11.Qe1 cxd4  1/2-1/2

[Event "Reggio Emilia"]
[Site "Reggio Emilia"]
[Date "1979.??.??"]
[Round "?"]
[White "Cramling, Dan"]
[Black "Kochyev, Alexander"]
[Result "1/2-1/2"]
[WhiteElo "2355"]
[BlackElo "2545"]

1.c4 Nf6 2.Nc3 c5 3.Nf3 e6 4.g3 d5 5.cxd5 Nxd5 6.Bg2 Be7 7.O-O O-O 8.Nxd5 exd5
9.d4 Nc6 10.dxc5 Bxc5 11.Qc2 Bb6 12.Rd1 h6 13.b3 Qf6 14.Bb2 d4 15.Qd2 Rd8
16.b4 a6 17.a4 Be6 18.b5 Na5 19.bxa6 Rxa6 20.Bxd4 Bxd4 21.Nxd4 Nb3 22.Nxb3 Rxd2
23.Nxd2 Rd6 24.Ne4 Rxd1+ 25.Rxd1 Qe5 26.e3 Qa5 27.Rd4 b6 28.Nd2 g6 29.Bf1  1/2-1/2

[Event "Rio de Janeiro Interzonal"]
[Site "Rio de Janeiro"]
[Date "1979.??.??"]
[Round "9"]
[White "Portisch, Lajos"]
[Black "Sunye Neto, Jaime"]
[Result "0-1"]
[WhiteElo "2640"]
[BlackElo "2375"]

1.c4 Nf6 2.Nc3 e6 3.Nf3 c5 4.g3 b6 5.e4 Bb7 6.d3 Be7 7.Bg2 O-O 8.O-O Nc6
9.d4 cxd4 10.Nxd4 Qc7 11.b3 a6 12.Bb2 Rac8 13.Nc2 Qb8 14.Qe2 d6 15.Rfd1 Rfe8
16.Rd2 Ba8 17.Rad1 Bf8 18.f4 h6 19.Ne3 Nb4 20.Nf1 e5 21.a3 Nc6 22.Nd5 Nxd5
23.cxd5 Na5 24.Qd3 b5 25.Kh1 b4 26.Rb1 bxa3 27.Bxa3 Qb6 28.Ne3 Nb7 29.Nc4 Qb5
30.Bf1 Nc5 31.Qf3 Qb8 32.Bh3 exf4 33.Bxc8 Nxe4 34.Bh3 Nxd2 35.Nxd2 Re5 36.Bg2 fxg3
37.Qd3 Rh5 38.h3 Qb5 39.Qxb5 axb5 40.Rc1 Bxd5 41.Rc8 Rxh3+  0-1

[Event "Sao Paulo"]
[Site "Sao Paulo"]
[Date "1979.??.??"]
[Round "?"]
[White "Kortschnoj, Viktor"]
[Black "Gheorghiu, Florin"]
[Result "1/2-1/2"]
[WhiteElo "2695"]
[BlackElo "2540"]

1.c4 c5 2.Nf3 Nf6 3.Nc3 e6 4.g3 b6 5.Bg2 Bb7 6.O-O Be7 7.d4 cxd4 8.Qxd4 d6
9.Rd1 a6 10.Bg5 Nbd7 11.Bxf6 Nxf6 12.Na4 Rb8 13.c5 Bxf3 14.Bxf3 dxc5 15.Qe5 Qc8
16.Rd6 O-O 17.Rxb6 Rxb6 18.Nxb6 Qd8 19.Nc4 Nd7 20.Qe3 Nb6 21.Ne5 Qc7 22.Nc6 Bd6
23.Qd3 c4 24.Qd2 Rc8 25.Rc1 Bf8 26.b3 cxb3 27.axb3 Kh8 28.Rc2 Qd7 29.Qxd7 Nxd7
30.Ra2 Nb8 31.Nxb8  1/2-1/2

[Event "Sao Paulo"]
[Site "Sao Paulo"]
[Date "1979.??.??"]
[Round "?"]
[White "Van Riemsdijk, Herman C"]
[Black "Ljubojevic, Ljubomir"]
[Result "0-1"]
[WhiteElo "2390"]
[BlackElo "2590"]

1.Nf3 Nf6 2.c4 c5 3.Nc3 d5 4.cxd5 Nxd5 5.g3 Nc6 6.Bg2 Nc7 7.d3 e5 8.Nd2 Bd7
9.O-O h5 10.Nc4 h4 11.Ne4 Be6 12.Be3 Bd5 13.Qd2 f5 14.Bg5 Qd7 15.Nc3 Bxg2
16.Kxg2 b5 17.Ne3 b4 18.Ncd1 hxg3 19.fxg3 f4 20.gxf4 Qh3+ 21.Kf2 Qxh2+ 22.Ng2 Rh3
23.Ne3 Qg3+ 24.Kg1 Nd4 25.Nc4 Nce6 26.Qd1 Qh2+ 27.Kf2 exf4  0-1

[Event "Sao Paulo"]
[Site "Sao Paulo"]
[Date "1979.??.??"]
[Round "?"]
[White "Stean, Michael"]
[Black "Sunye Neto, Jaime"]
[Result "1/2-1/2"]
[WhiteElo "2540"]
[BlackElo "2375"]

1.c4 Nf6 2.Nc3 c5 3.Nf3 e6 4.g3 b6 5.Bg2 Bb7 6.O-O Be7 7.d4 Ne4 8.d5 Nxc3
9.bxc3 Bf6 10.e4 d6 11.Bf4 e5 12.Be3 O-O 13.h4 Na6 14.Bh3 Nc7 15.a4 Rb8 16.Kg2 a6
17.Qd3 Bc8 18.Bxc8 Qxc8 19.Nh2 Qd7 20.Bd2 g6 21.h5 Bg7 22.Nf3 Rb7 23.Rh1 b5
24.axb5 axb5 25.cxb5 Qxb5 26.c4 Qd7 27.hxg6 fxg6 28.Rhb1 Rfb8 29.Rxb7 Rxb7
30.Qc2 Bf6 31.Rb1 Rxb1 32.Qxb1 Ne8 33.Qb8 Kf7 34.Ba5 h5 35.Qb5 Ke7 36.Qxd7+ Kxd7
37.Kh3 Bd8 38.Bxd8 Kxd8 39.Kh4 Nf6 40.Nd2 Nh7 41.f4 Ke7 42.fxe5 dxe5 43.Nb3 Kd6
44.Na5 Kc7 45.Nc6 Nf6 46.Nxe5 Nxe4 47.Nxg6 Kd6 48.Kxh5 Nxg3+ 49.Kg5 Ne4+
50.Kf4 Nd2 51.Ne5 Nxc4  1/2-1/2

[Event "Sao Paulo"]
[Site "Sao Paulo"]
[Date "1979.??.??"]
[Round "?"]
[White "Gheorghiu, Florin"]
[Black "Panno, Oscar"]
[Result "1-0"]
[WhiteElo "2540"]
[BlackElo "2545"]

1.c4 c5 2.Nf3 Nf6 3.Nc3 b6 4.e4 Bb7 5.e5 Ng4 6.h3 Nh6 7.d4 cxd4 8.Nxd4 g6
9.Bf4 Nc6 10.Nf3 Nf5 11.Qd2 Rc8 12.Be2 Bg7 13.Rd1 Na5 14.b3 Bxf3 15.Bxf3 Nc6
16.Bxc6 dxc6 17.Qe2 Qc7 18.O-O O-O 19.g4 Nh4 20.Bg3 g5 21.e6 Be5 22.Rd7 Bxg3
23.Rxc7 Bxc7 24.exf7+ Rxf7 25.Ne4 h6 26.c5 b5 27.Ng3 Be5 28.Nf5 Nxf5 29.Qxe5 Nh4
30.f4 Re8 31.Qe6  1-0

[Event "Snekkersten"]
[Site "Snekkersten"]
[Date "1979.??.??"]
[Round "4"]
[White "Andersen, D."]
[Black "Larsen, Ole"]
[Result "1/2-1/2"]
[WhiteElo "2200"]
[BlackElo "2200"]

1.c4 Nf6 2.Nc3 c5 3.Nf3 d5 4.cxd5 Nxd5 5.e4 Nxc3 6.dxc3 Qxd1+ 7.Kxd1 Nc6
8.Kc2 Bd7 9.a4 e6 10.Bf4 f6 11.a5 e5 12.Be3 Rc8 13.Nd2 Nd4+ 14.Kb1 Be6 15.Bc4 Kf7
16.f3 Nc6 17.Rd1 Be7 18.Bd5 Rhd8 19.Nc4 Rd7 20.Bxe6+ Kxe6 21.Rxd7 Kxd7 22.Ra3 Rd8
23.Bf2 Kc7 24.Kc2 b5 25.axb6+ axb6 26.Ne3 Rb8 27.Nd5+ Kd6 28.Ra1 Bd8 29.Ne3 Ke6
30.Ra6 Kd7 31.Nd5 Kc8 32.Ra1 Ne7 33.Ne3 Kb7 34.Nc4 Bc7 35.Rd1 Kc6 36.Na3 Nc8
37.c4 Nd6 38.Rd5 Ra8 39.Kc3 Nf7 40.Nb5 Nd6 41.Nxd6 Bxd6 42.Rd1 Be7 43.h4 g6
44.Rh1 Rg8 45.Ra1 Kb7 46.Kd3 Rd8+ 47.Ke2 Ra8 48.Rxa8 Kxa8 49.Be3 Bd6  1/2-1/2

[Event "DDR-ch 28th"]
[Site "Suhl"]
[Date "1979.??.??"]
[Round "7"]
[White "Uhlmann, Wolfgang"]
[Black "Vogt, Lothar"]
[Result "1/2-1/2"]
[WhiteElo "2530"]
[BlackElo "2500"]

1.c4 Nf6 2.Nc3 c5 3.Nf3 b6 4.g3 Bb7 5.Bg2 e6 6.O-O Be7 7.b3 O-O 8.Bb2 d6
9.d4 cxd4 10.Nxd4 Bxg2 11.Kxg2 Qc7 12.e4 Nc6 13.f3 a6 14.Nxc6 Qxc6 15.Qe2 Rfd8
16.Rfd1 Ne8 17.a4 Bf6  1/2-1/2

[Event "DDR-ch 28th"]
[Site "Suhl"]
[Date "1979.??.??"]
[Round "11"]
[White "Uhlmann, Wolfgang"]
[Black "Espig, Thomas"]
[Result "1/2-1/2"]
[WhiteElo "2530"]
[BlackElo "2320"]

1.c4 Nf6 2.Nc3 c5 3.Nf3 b6 4.g3 Bb7 5.Bg2 e6 6.d4 cxd4 7.Qxd4 d6 8.O-O a6
9.e4 Nbd7 10.Qe3 Be7 11.Nd4 O-O 12.b3 Qc7 13.Bb2 Rac8 14.Kh1 Rfe8 15.f4 Bf8
16.Rae1 Qb8 17.Qe2 Qa8 18.Nc2 Nc5 19.b4 Ncd7 20.Rf2 e5 21.fxe5 Nxe5 22.Rxf6 gxf6
23.Ne3 b5 24.Ncd5 Bxd5 25.Nxd5 Bg7 26.Nb6 Qa7 27.Nxc8 Rxc8 28.cxb5 axb5 29.a3 Qa4
30.Rc1 Rc4 31.Qd1 Rxc1 32.Qxc1 Nc4 33.Bc3 Qxa3 34.Qxa3 Nxa3 35.Bd2 Nc4 36.Bf4 f5
37.exf5 Be5 38.Bxe5 Nxe5 39.Bf1 Nc6 40.Bxb5 Nxb4 41.Kg2 Kg7 42.Kf3 Nd5  1/2-1/2

[Event "SWE-ch"]
[Site "?"]
[Date "1979.??.??"]
[Round "?"]
[White "Elfvin, U."]
[Black "Sjoberg, Mats"]
[Result "1/2-1/2"]
[WhiteElo "2200"]
[BlackElo "2200"]

1.c4 c5 2.Nc3 Nf6 3.Nf3 g6 4.d4 cxd4 5.Nxd4 Nc6 6.e4 Nxd4 7.Qxd4 d6 8.Bg5 Bg7
9.Qd2 O-O 10.Bd3 Qa5 11.O-O Re8 12.Rac1 Be6 13.b3 Rac8 14.f3 a6  1/2-1/2

[Event "SWE-ch"]
[Site "?"]
[Date "1979.??.??"]
[Round "?"]
[White "Cramling, Dan"]
[Black "Fridh, Anton"]
[Result "1-0"]
[WhiteElo "2355"]
[BlackElo "2270"]

1.Nf3 Nf6 2.c4 c5 3.Nc3 g6 4.d4 Bg7 5.g3 O-O 6.Bg2 cxd4 7.Nxd4 Qc7 8.Ndb5 Qxc4
9.b3 Qb4 10.Ba3 Qa5 11.Bxe7 Nd5 12.Bxd5 Bxc3+ 13.Nxc3 Qxc3+ 14.Kf1 Re8 15.Rc1 Qe5
16.Bb4 Nc6 17.Bc3 Qh5 18.b4 d6 19.b5 Bh3+ 20.Kg1 Ne5 21.f4 Qh6 22.Bb2 Rac8
23.Rc3 Rxc3 24.Bxc3 Rc8 25.Qd2 Rc5 26.Bb3 Nd7 27.Qd4 Kf8 28.Qxd6+ Ke8 29.Bb4 Re5
30.Kf2 Re4 31.Rc1 Kd8 32.Qc7+  1-0

[Event "URS-ch (Women)"]
[Site "Tbilisi"]
[Date "1979.??.??"]
[Round "12"]
[White "Litinskaya, Marta I"]
[Black "Alexandria, Nana"]
[Result "1-0"]
[WhiteElo "2265"]
[BlackElo "2340"]

1.Nf3 Nf6 2.c4 e6 3.Nc3 c5 4.g3 b6 5.Bg2 Bb7 6.O-O a6 7.d4 cxd4 8.Qxd4 Nc6
9.Qf4 Bb4 10.Bd2 O-O 11.Rfd1 Rc8 12.Ng5 Na5 13.Bxb7 Nxb7 14.Nge4 Be7 15.Rac1 Rc6
16.b3 Nxe4 17.Nxe4 f5 18.Nc3 Ba3 19.Rb1 Qe7 20.Qf3 Nd6 21.Bf4 Kh8 22.Qd3 Bb4
23.Be5 Nf7 24.Bd4 Rfc8 25.Na4 Qd8 26.Bb2 Rd6 27.Qe3 b5 28.Rxd6 Bxd6 29.cxb5 axb5
30.Nc3 b4 31.Na4 Rc6 32.Rd1 Kg8 33.Qa7 h6 34.Kg2 Ng5 35.Qd4 Qf8 36.f3 Nf7
37.Rc1 Rxc1 38.Bxc1 Qc8 39.Bb2 Be5 40.Qd2 Qa6 41.Bxe5 Nxe5 42.Nc5 Qb5 43.Qe3 Ng6
44.Nd3 Ne7 45.Qc5 Qxc5 46.Nxc5 Nd5 47.Nxd7 Nc3 48.Nc5 Kf7 49.Kf2 Ke7 50.Ke3 Kd6
51.Na4 Nb5 52.Kd3 Kd5 53.Nb6+ Kc5 54.Nc4 Kd5 55.Nb6+ Kc5 56.Nc4 Kd5 57.Ne3+ Kc5
58.Ng2 e5 59.e4 fxe4+ 60.fxe4 h5 61.Ne1 Nd4 62.Ke3 Nc6 63.Nf3 g6 64.Kd3 Kb5
65.Kc2 Kc5 66.Kd2 Kd6 67.Ke2 Kc5 68.Ke3 Kd6 69.Nd2 Kc5 70.Nc4 Kb5 71.Nd6+ Kc5
72.Nf7 Kb5 73.Nh8 Ne7 74.Nf7 Nc6 75.Nh6 Kc5 76.Ng8 Kd6 77.Nf6 Nb8 78.Kd3 Kc5
79.Nh7 Nd7 80.Ng5 Kb5 81.Ke3 Nf6 82.Nf3 Nd7 83.Nh4 Nf8 84.h3 Kc6 85.Nf3 Nd7
86.Nd2 Kb5 87.Nc4 Kc5 88.Nb2 Kb5 89.Nd3 Ka5 90.Kf3 Kb5 91.g4 Ka5 92.gxh5 gxh5
93.Kg3 Nf6 94.Kh4 Nxe4 95.Kxh5 Nf6+ 96.Kg5 e4 97.Ne1 Nd7 98.h4 Kb5 99.Kf4  1-0

[Event "CSR-ch"]
[Site "Trencianske Teplice"]
[Date "1979.??.??"]
[Round "1"]
[White "Smejkal, Jan"]
[Black "Jansa, Vlastimil"]
[Result "1-0"]
[WhiteElo "2560"]
[BlackElo "2495"]

1.c4 c5 2.Nf3 Nf6 3.Nc3 d5 4.cxd5 Nxd5 5.e3 Nxc3 6.bxc3 g6 7.Bb5+ Nd7 8.Ba3 Qc7
9.d4 Bg7 10.Bxc5 O-O 11.Bb4 a6 12.Be2 a5 13.Bxe7 Re8 14.Bh4 Qxc3+ 15.Nd2 Nf6
16.O-O Bf5 17.Nc4 Ne4 18.Rc1 Qb4 19.a3 Qf8 20.Qb3 Be6 21.Rfd1 g5 22.Bg3 Bd5
23.Qb2 Rad8 24.Bc7 Bxc4 25.Bxc4 Rc8 26.Bxa5 Qe7 27.Bb5 Rxc1 28.Rxc1 Ra8 29.Bb4 Qf6
30.Rc7 Nd6 31.Be2 Bf8 32.h3 b5 33.Qb3 Ne4 34.Bf3  1-0

[Event "CSR-ch"]
[Site "Trencianske Teplice"]
[Date "1979.??.??"]
[Round "9"]
[White "Uhlmann, Wolfgang"]
[Black "Jansa, Vlastimil"]
[Result "0-1"]
[WhiteElo "2530"]
[BlackElo "2495"]

1.c4 c5 2.Nf3 Nf6 3.Nc3 e6 4.g3 b6 5.Bg2 Bb7 6.O-O Be7 7.d4 cxd4 8.Qxd4 d6
9.b3 Nbd7 10.Ba3 Nc5 11.Rad1 O-O 12.Nb5 Ne8 13.Qe3 a6 14.Nbd4 Qc7 15.Rc1 Nf6
16.Bh3 h6 17.Bb2 Rfe8 18.Nd2 Nfe4 19.Nxe4 Nxe4 20.Bg2 Nf6 21.f3 Rac8 22.a3 Qb8
23.Rfd1 Bf8 24.b4 d5 25.cxd5 Nxd5 26.Qb3 b5 27.e4 Nb6 28.Rxc8 Qxc8 29.Rc1 Qd7
30.Bf1 Rd8 31.Ne2 Nc4 32.Bd4 e5 33.Bf2 Nd2 34.Qe3 Nc4 35.Qc3 Qd3 36.Qxd3 Rxd3
37.Nc3 Rxf3 38.Be2 Rf6 39.Bxc4 bxc4 40.Nd5 Rc6 41.Nb6 c3 42.Na4 a5 43.Bc5 axb4
44.axb4 Bxc5+ 45.bxc5 Rc7 46.Rxc3 Bxe4 47.Kf2 f5 48.Re3 Kf7 49.Nc3 Rxc5 50.Nxe4 fxe4
51.Rxe4 Ke6 52.h3 Kf5 53.Rb4 Rc2+ 54.Ke3 g6 55.Rb3 Ra2 56.Rc3 Ra4 57.Rb3 h5
58.Rc3 g5 59.Kf3 g4+ 60.hxg4+ hxg4+ 61.Ke3 Ra2 62.Rc8 Rg2 63.Rf8+ Ke6 64.Re8+ Kf6
65.Rf8+ Ke7 66.Rb8 Rxg3+ 67.Ke4 Kf6 68.Rf8+ Kg6 69.Rg8+ Kf6 70.Rf8+ Kg6 71.Rg8+ Kf7
72.Rh8 Kg7 73.Re8 Rf3 74.Re6 Rf1 75.Rd6 Rf6 76.Rd5 Kg6  0-1

[Event "CSR-ch"]
[Site "Trencianske Teplice"]
[Date "1979.??.??"]
[Round "11"]
[White "Uhlmann, Wolfgang"]
[Black "Smejkal, Jan"]
[Result "0-1"]
[WhiteElo "2530"]
[BlackElo "2560"]

1.c4 c5 2.Nf3 Nf6 3.Nc3 d5 4.cxd5 Nxd5 5.g3 g6 6.Qa4+ Nc6 7.Bg2 Bg7 8.O-O O-O
9.Qc4 Nxc3 10.dxc3 Qb6 11.Qh4 Re8 12.Rb1 Ne5 13.Nxe5 Bxe5 14.b4 cxb4 15.Be3 Qa6
16.Qxb4 Rb8 17.Qc5 Bf6 18.Qxa7 Qxa7 19.Bxa7 Ra8 20.Bd4 Rxa2 21.e3 e5 22.Bc5 Be7
23.Bb6 Bf5 24.Ra1 Rb2 25.Bc7 Bf6 26.Bd5 Rc8 27.Ba5 Bd3 28.Rfc1 e4 29.Bb4 b5
30.Bb7 Rd8 31.h4 h5 32.Ra5 Bg7 33.Bc6 Rc8 34.Ra6 Bf8 35.Bb7 Rd8 36.Bxf8 Kxf8
37.Rd1 Re8 38.Rb6 Re7 39.Bc6 Re6 40.Rb8+ Kg7 41.Bd5 Re7 42.f3 Be2  0-1

[Event "Tirnavia-A"]
[Site "Trnava"]
[Date "1979.??.??"]
[Round "3"]
[White "Lengyel, Levente"]
[Black "Tseitlin, Mikhail S"]
[Result "1/2-1/2"]
[WhiteElo "2455"]
[BlackElo "2505"]

1.Nf3 Nf6 2.c4 c5 3.Nc3 d5 4.cxd5 Nxd5 5.e4 Nb4 6.Bb5+ N8c6 7.d4 cxd4 8.a3 dxc3
9.Qxd8+ Kxd8 10.axb4 e5 11.bxc3 f6 12.Bxc6 bxc6 13.Be3 Kc7 14.Nd2 Be6 15.O-O Kb7
16.Ra5 a6 17.Rfa1 Bd6 18.c4 Rhb8 19.R5a4 Kc7 20.c5 Be7 21.Rc1 Rb5 22.Nc4 Bxc4
23.Rxc4 a5 24.g3 Kb7 25.bxa5 Raxa5 26.Rxa5 Rxa5 27.Rc2 Ra4 28.f3 g6 29.g4 Kc7
30.Kf2 Ra5 31.Ke2 Kd7 32.Rb2 Kc7 33.Rc2 Ra3 34.Bc1 Rb3 35.Be3 Ra3 36.Bc1 Ra1
37.g5 fxg5 38.Bb2 Rh1 39.Bxe5+ Kd7 40.Rd2+ Ke6 41.Bd6 h5 42.Ke3 Bf6  1/2-1/2

[Event "URS Spartakiad"]
[Site "URS"]
[Date "1979.??.??"]
[Round "?"]
[White "Osnos, Viatcheslav"]
[Black "Zaichik, Gennadi"]
[Result "1-0"]
[WhiteElo "2470"]
[BlackElo "2465"]

1.c4 Nf6 2.Nc3 c5 3.Nf3 b6 4.e4 Bb7 5.e5 Ne4 6.Ne2 h6 7.h4 b5 8.cxb5 d6 9.e6 fxe6
10.Nf4 e5 11.Ng6 Rg8 12.Bc4 d5 13.Bd3 Qd6 14.Ngxe5 Nd7 15.Nxd7 Kxd7 16.Be2 g5
17.d3 g4 18.dxe4 gxf3 19.Bxf3 dxe4 20.Bg4+ Kc7 21.Be3 Qxd1+ 22.Bxd1 Bg7 23.Rc1 Bxb2
24.Rxc5+ Kd6 25.Rh5 Rxg2 26.Bb3 Rf8 27.Rxh6+ Kd7 28.Ke2 Ke8 29.Rd1 Bg7 30.Re6 Bf6
31.Rh1 Rg4 32.h5 Bc8 33.Rc6 Bd7 34.Be6 Bxe6 35.Rxe6 Kf7 36.Rc6 Rd8 37.h6 Rd5  1-0

[Event "URS Spartakiad"]
[Site "URS"]
[Date "1979.??.??"]
[Round "?"]
[White "Yuferov, Sergey  N"]
[Black "Egin, Vladimir"]
[Result "1/2-1/2"]
[WhiteElo "2450"]
[BlackElo "2200"]

1.Nf3 Nf6 2.c4 c5 3.Nc3 d5 4.cxd5 Nxd5 5.e4 Nb4 6.Bb5+ N8c6 7.d4 cxd4 8.a3 dxc3
9.Qxd8+ Kxd8 10.axb4 cxb2 11.Bxb2 f6 12.Bxc6 bxc6 13.e5 Be6 14.O-O Bd5 15.Rfd1 Kc7
16.b5 e6 17.bxc6 Be7 18.Ra6 Rhb8 19.exf6 gxf6 20.Bc3 Bc5 21.Bxf6 Rb6 22.Ra5 Bb4
23.Be5+ Kc8 24.Raa1 Rxc6 25.Nd4 Rc4 26.Rac1 Rxc1 27.Rxc1+ Kd8 28.Nb5 Ba5
29.h4 a6 30.Nd6 Kd7 31.Nf7 Bb6 32.Ng5 Rf8 33.Rc2 Rf5 34.Bb2 h6 35.Nh3 a5
36.g3 Bc7 37.Bc1 Re5 38.Be3 Bb6 39.Nf4 Bxe3 40.fxe3 Rxe3 41.Nxd5 exd5 42.Rc5 Kd6
43.Rxa5 Rxg3+ 44.Kf2 Rc3 45.Ra8 Rc6 46.Ke3 Ke5 47.Re8+ Re6 48.Rh8 Rd6 49.Rf8 Ra6
50.Re8+ Kf5 51.Kd4 Ra4+ 52.Kxd5 Rxh4 53.Rf8+ Kg5 54.Ke5 Ra4 55.Rg8+ Kh4 56.Kf5 Ra1
57.Kf4 Rf1+ 58.Ke3  1/2-1/2

[Event "URS Spartakiad"]
[Site "URS"]
[Date "1979.??.??"]
[Round "?"]
[White "Veingold, Aleksandr"]
[Black "Kapengut, Albert Z"]
[Result "1/2-1/2"]
[WhiteElo "2370"]
[BlackElo "2465"]

1.Nf3 c5 2.c4 Nf6 3.Nc3 d5 4.cxd5 Nxd5 5.d4 Nxc3 6.bxc3 g6 7.e3 Bg7 8.Bd3 O-O
9.O-O Qc7 10.Rb1 Rd8 11.Qe2 Nc6 12.Ba3 cxd4 13.Nxd4 Ne5 14.Nb5 Qc6 15.Nd4 Qc7
16.Nb5 Qc6 17.Nd4 Qc7 18.Nb5 Qc6 19.Nd4 Qc7  1/2-1/2

[Event "URS Spartakiad"]
[Site "URS"]
[Date "1979.??.??"]
[Round "?"]
[White "Govbinder, Mikhail Y"]
[Black "Kapengut, Albert Z"]
[Result "0-1"]
[WhiteElo "2200"]
[BlackElo "2465"]

1.Nf3 Nf6 2.c4 c5 3.Nc3 d5 4.cxd5 Nxd5 5.g3 Nc6 6.Bg2 Nc7 7.O-O e5 8.d3 Be7
9.Nd2 Bd7 10.Nc4 O-O 11.Bxc6 Bxc6 12.Nxe5 Be8 13.Be3 Ne6 14.Rc1 Bf6 15.Nc4 Bc6
16.Ne4 Bd4 17.Bxd4 cxd4 18.Ne5 Bd5 19.Qa4 Re8 20.Nf3 Qb6 21.Rc2 Rad8 22.Rfc1 h6
23.h4 Kh8 24.Ned2 Nf4 25.gxf4 Qg6+ 26.Kf1 Qg4 27.Ne4 f5 28.Ng3 Qh3+ 29.Kg1 Rxe2  0-1

[Event "URS Spartakiad"]
[Site "URS"]
[Date "1979.??.??"]
[Round "?"]
[White "Gavrikov, Viktor"]
[Black "Korsunsky, Yuri"]
[Result "1-0"]
[WhiteElo "2200"]
[BlackElo "2200"]

1.c4 c5 2.Nf3 Nf6 3.Nc3 e6 4.d4 cxd4 5.Nxd4 Qc7 6.Ndb5 Qc6 7.Bf4 Na6 8.Nd6+ Bxd6
9.Bxd6 b6 10.f3 Nc5 11.e4 Nb7 12.Ba3 d6 13.c5 a6 14.cxd6 O-O 15.Rc1 Qd7 16.e5 Ne8
17.Na4 Qd8 18.Qd4 f6 19.Qxb6 Qd7 20.Qb4  1-0

[Event "URS Spartakiad"]
[Site "URS"]
[Date "1979.??.??"]
[Round "?"]
[White "Gavrikov, Viktor"]
[Black "Tukmakov, Vladimir B"]
[Result "1-0"]
[WhiteElo "2200"]
[BlackElo "2575"]

1.c4 Nf6 2.Nc3 e6 3.Nf3 c5 4.g3 d5 5.cxd5 Nxd5 6.Bg2 Nc6 7.O-O Be7 8.d4 O-O
9.e4 Nxc3 10.bxc3 cxd4 11.cxd4 Bf6 12.Ba3 Re8 13.Re1 Qa5 14.Bd6 Qd8 15.Bc5 b6
16.e5 Be7 17.Bxe7 Rxe7 18.Ng5 Bb7 19.Bxc6  1-0

[Event "URS Spartakiad"]
[Site "URS"]
[Date "1979.??.??"]
[Round "?"]
[White "Maiorov, Oleg"]
[Black "Guseinov, Aidyn"]
[Result "1/2-1/2"]
[WhiteElo "2200"]
[BlackElo "2200"]

1.c4 Nf6 2.Nc3 e6 3.Nf3 c5 4.g3 b6 5.Bg2 Bb7 6.O-O Be7 7.d4 cxd4 8.Nxd4 Bxg2
9.Kxg2 O-O 10.e4 d6 11.Qf3 Qd7 12.Rd1 Nc6 13.Bf4 Nxd4 14.Rxd4 Qc7 15.Rd2 Rfd8
16.Bxd6 Bxd6 17.Nb5 Qxc4 18.Nxd6 Qc6 19.Rad1 Rd7 20.e5 Qxf3+ 21.Kxf3 Nd5
22.Nf5 Kf8 23.Ne3 Nxe3 24.Kxe3 Rxd2 25.Rxd2 Rc8  1/2-1/2

[Event "URS Spartakiad"]
[Site "URS"]
[Date "1979.??.??"]
[Round "?"]
[White "Butnorius, Algimantas"]
[Black "Govbinder, Mikhail Y"]
[Result "1-0"]
[WhiteElo "2400"]
[BlackElo "2200"]

1.Nf3 c5 2.c4 Nf6 3.Nc3 d5 4.cxd5 Nxd5 5.e4 Nb4 6.Bc4 Nd3+ 7.Ke2 Nxc1+ 8.Rxc1 Nc6
9.Qb3 e6 10.Bb5 Bd7 11.Rhd1 g5 12.Bxc6 Bxc6 13.Ne5 Qb6 14.Nxc6 Qxc6 15.d4 Bg7
16.d5 exd5 17.Rxd5 O-O 18.Rxg5 Rae8 19.Rd1 Kh8 20.Kf1 Bd4 21.Rf5 f6 22.Rd5 Qe6
23.h3 Rg8 24.Rh5 Qe7 25.g3 Rg5 26.Rh4 f5 27.Ne2 Bg7 28.Rd5 fxe4 29.Nf4 Qf6
30.Rxg5 Qxg5 31.Qf7  1-0

[Event "Warszawa Cup5-A"]
[Site "Warsaw"]
[Date "1979.??.??"]
[Round "3"]
[White "Luczak, Andrzej"]
[Black "Schinzel, Wladyslaw"]
[Result "1-0"]
[WhiteElo "2440"]
[BlackElo "2400"]

1.Nf3 Nf6 2.c4 c5 3.Nc3 d5 4.cxd5 Nxd5 5.d4 Nxc3 6.bxc3 g6 7.e4 Bg7 8.h3 O-O
9.Be3 Nd7 10.Bd3 e6 11.O-O cxd4 12.cxd4 b6 13.Bg5 f6 14.Bd2 Ne5 15.Bb4 Nxd3
16.Bxf8 Nxf2 17.Rxf2 Bxf8 18.Rc1 Bb7 19.Qd3 Kh8 20.Kh1 Bd6 21.Qe3 e5 22.dxe5 Bc5
23.Rxc5 bxc5 24.exf6 Qxf6 25.Ng5 Qd4 26.Qf4 Rc8 27.Qf8+ Rxf8 28.Rxf8+ Kg7
29.Ne6+ Kh6 30.Nxd4 cxd4 31.e5 Bd5 32.a3 d3 33.Rd8 Bc4 34.e6 Bxe6 35.Rxd3 a6
36.Rd6 Bc4 37.Kg1 Kg5 38.Kf2 Kf5 39.g3 Ke5 40.Rd7 h5 41.h4  1-0

[Event "BCF-ch"]
[Site "Brighton"]
[Date "1980.08.01"]
[Round "7"]
[White "Knott, Simon JB"]
[Black "Cummings, David H"]
[Result "0-1"]
[WhiteElo "2220"]
[BlackElo "2280"]

1.c4 c5 2.Nf3 Nf6 3.Nc3 b6 4.d4 cxd4 5.Nxd4 Bb7 6.f3 d6 7.e4 e6 8.Be2 Be7
9.O-O O-O 10.Be3 a6 11.Qd2 Nbd7 12.Rfd1 Rc8 13.Rac1 Qc7 14.b4 d5 15.exd5 Bxb4
16.dxe6 Ne5 17.Qb2 Bc5 18.Na4 Rfe8 19.exf7+ Qxf7 20.Bf2 Rb8 21.Qc2 Nh5 22.Bf1 Nf4
23.Qf5 Qxf5 24.Nxf5 Nh3+ 25.gxh3 Nxf3+ 26.Kg2 Nh4+ 27.Kg1 Nf3+ 28.Kg2 Nh4+
29.Kg1 Bxf2+ 30.Kxf2 Rf8 31.Nxb6 Rxf5+ 32.Kg3 g5 33.Nd5 Re8 34.Re1 Rf3+ 35.Kg4 Ref8
36.Kxg5 Bxd5 37.cxd5 R3f4 38.Bd3 Nf3+ 39.Kh5 Rh4+  0-1